000 00525nam a2200193Ia 4500
003 GCL
008 140319s9999 xx 000 0 eng d
020 _a92 3 103643 3
040 _aGCL /
_cGCL
082 0 4 _a303.49
_bM W
100 1 _aMAYOR, FEDERICO
245 1 0 _aTHE WORLD AHEAD : OUR FUTURE IN THE MAKING /
_cMAYOR, FEDERICO
260 _aانجلترا :
_bZED BOOKS LTD ،
_c2001
300 _a24 CM ؛
_c496 P
650 0 4 _aHUMAN ECOLOGY
650 0 4 _aSOCIAL FORECASTS
650 0 4 _aFUTUROLOGY
942 _2ddc
_cBK
999 _c7285
_d7285